Η εκπαίδευση των πωλητών στον χώρο της δουλειάς : θεωρία και πρακτική

Αποθηκεύτηκε σε:
Λεπτομέρειες βιβλιογραφικής εγγραφής
Κύριος συγγραφέας: Lidstone, John 1929-
Μορφή: Βιβλίο
Γλώσσα:Greek
Δημοσίευση: Αθήνα : Εμπορική Τράπεζα της Ελλάδος, 1975
Θέματα:
Ετικέτες: Προσθήκη ετικέτας
Δεν υπάρχουν, Καταχωρήστε ετικέτα πρώτοι!

MARC

LEADER 00000nam a2200000 i 4500
001 1/25441
008 960723s1986 gre d
020 |a 0-566-02414-4 
035 |l 10022486 
040 |a GR-MY-UA  |b gre  |e aacr 
041 0 |a gre 
082 0 |a 658.31243 
100 1 |a Lidstone, John  |d 1929- 
245 1 2 |a Η εκπαίδευση των πωλητών στον χώρο της δουλειάς :  |b θεωρία και πρακτική /  |c John Lidstone 
260 |a Αθήνα :   |b Εμπορική Τράπεζα της Ελλάδος,   |c 1975 
300 |a 200 σ. 
500 |a Περιλαμβάνει ευρετήριο 
650 0 0 |a Selling  |x Study and teaching. 
852 |a INST  |b CHIOS  |e 19960723  |h 658.31243 LID  |p 005200007055  |q 005200007055  |t BK  |y 0 
852 |a INST  |b CHIOS  |e 19960723  |h 658.31243 LID  |p 005200008925  |q 005200008925  |t BK  |y 0 
909 |a Χ  |b 032679 
909 |a Χ  |b 022662